00831 2200241 4500001002100000005001700021008004100038035002400079082001200103090002300115100002000138245018300158260002900341300003800370500005700408500003300465650002500498850002200523980001400545985000600559986000900565999001500574YOGYA-0209000004387820090227030242.0 ind  0010-020900000043878 a338.642 a338.642bPur PlSK aPURNOMO, Zazuri aPengaruh ketrampilan, motivasi dan waktu kerja terhadap peningkatan pendapatan keluargabpengrajin perak di Kelurahan Prenggan Kecamatan Kotagede Yogyakartacoleh Zazuri Poernomo aYogyakartab[s.n.]c1994 axii, 72, [22] lembarbilusc29 cm aSkripsi Fisipol Universitas Widya Mataram Yogyakarta aBibliografi : lembar [73-74] aPenghasilan keluarga aYOPDDDIY [TRM 29] a26-9-2007 a1 aRuni a07A0026501